000 00303nam a2200109 4500
008 160624b xxu||||| |||| 00| 0 eng d
100 _9970
_a Irmscher, W. F
245 _aThe Holt Guide to English
260 _aN.Y
_b Holt,Rinehart & Winston
_c1976
300 _aThe Holt Guide to English
942 _2ddc
_cBK
999 _c772
_d772